[Event "HCL-B192"]
[Site "www.playchess.de"]
[Date "2001.03.31"]
[Round "28"]
[White "jabbaman"]
[Black "alexmoreira"]
[WhiteElo "1282"]
[BlackElo "2000"]
[PlyCount "53"]
[Result "1-0"]

1.e4 {Helleo from Victoria, BC, Canada!}  e5 2.Nf3 
d6 3.Bc4 c5 4.O-O Bg4 5.Nc3 Nc6 6.h3 Bxf3 7.Qxf3 
Qd7 {Sorry}  8.d3 {Sorry? Why?}  a6 9.Be3 {What 
are you sorry for....}  f6 {for the time i've let 
you waiting...}  10.Nd5 {thanx - no problem ...}  
Qd8 11.a4 Nge7 12.c3 Nxd5 {Server busy???}  
13.Bxd5 {server crashed and gone - for the second 
time ...}  Qc7 {yep! finally!}  14.Qf5 Ne7 15.Qe6 
Rd8 16.Qf7+ Kd7 17.Be6+ Kc6 {I guess u went to my 
webpage today...}  18.b4 {I went last week?! You 
do great work.}  b6 {Thanx! i saw on my stats 
someone from Canada}  19.b5+ axb5 20.Bd5+ Nxd5 
21.axb5+ Kb7 22.Qxd5+ Kc8 23.Qe6+ Qd7 24.Ra8+ Kb7 
{This game is tied...I think...}  25.Qd5+ Kc7 
{...guess not! You are going to win this one!}  
26.Ra7+ {mate in 1}  Kc8 27.Qa8+ 1-0

[Event "HCL-C200"]
[Site "www.playchess.de"]
[Date "2001.03.31"]
[Round "19"]
[White "foxzy"]
[Black "Nutz"]
[WhiteElo "614"]
[BlackElo "1101"]
[PlyCount "45"]
[Result "1-0"]

1.d4 f5 2.Nc3 e6 3.Nf3 {Hello!}  Nc6 4.Bf4 Bd6 
5.Bxd6 cxd6 6.e4 Qe7 7.Bd3 Nf6 8.Qe2 d5 9.exf5 
exf5 10.Bxf5 O-O 11.O-O Qb4 12.Rab1 Nxd4 13.Nxd4 
Qxd4 14.a3 Qf4 15.Bh3 Re8 16.Qd3 d6 17.Nxd5 Qh6 
18.Nc7 Bxh3 19.Qxh3 Ne4 20.Qxh6 gxh6 21.Rbd1 Ref8 
22.Nxa8 Rxa8 23.f3 1-0

[Event "HCL-B207"]
[Site "www.playchess.de"]
[Date "2001.03.31"]
[Round "10"]
[White "smokin247"]
[Black "rafita"]
[WhiteElo "1200"]
[BlackElo "1396"]
[PlyCount "44"]
[Result "0-1"]

1.e3 {hello}  Nf6 {hi, good luck}  2.b3 d5 3.Bb2 
c5 4.g3 Nc6 5.h3 e5 6.Bg2 Be7 7.a3 O-O 8.Nf3 e4 
9.Ne5 Qc7 10.Nxc6 bxc6 11.g4 Nd7 12.h4 Bf6 13.Bxf6 
Nxf6 14.Bh3 Qe5 15.d4 exd3 16.c3 c4 17.b4 Ne4 
18.g5 Bxh3 19.Rxh3 Nxc3 20.Qh5 Nxb1 21.Rxb1 c3 
22.f4 Qe4 0-1

[Event "HCL-A091"]
[Site "www.playchess.de"]
[Date "2001.03.31"]
[Round "7"]
[White "ming"]
[Black "mel"]
[WhiteElo "1508"]
[BlackElo "1111"]
[PlyCount "34"]
[Result "0-1"]

1.e4 e5 2.Nc3 {hi! have a good game!}  c6 3.Bc4 b5 
4.Bb3 Nf6 5.Qf3 g6 6.d3 Bg7 7.Bg5 O-O 8.Nge2 h6 
9.Bxf6 Bxf6 10.O-O Bb7 11.Qe3 Bg5 12.Qc5 d6 13.Qb4 
a5 14.Qa3 b4 15.Qa4 bxc3 16.bxc3 Na6 17.d4 
c5 0-1

[Event "HCL-B213"]
[Site "www.playchess.de"]
[Date "2001.03.31"]
[Round "7"]
[White "King_Safety"]
[Black "Michael_Schenk"]
[WhiteElo "1244"]
[BlackElo "1252"]
[PlyCount "46"]
[Result "0-1"]

1.d4 {Greetings from Canada! Good luck with your 
games.}  Nf6 {Hello back from Germany! Have fun.}  
2.Nf3 d5 3.Bf4 Nc6 4.e3 Bf5 5.c3 e6 6.Nbd2 a6 7.h3 
h6 8.Be2 Qe7 9.O-O O-O-O 10.c4 Ne4 11.Rc1 g5 
12.cxd5 exd5 13.Nb3 gxf4 14.exf4 Bg7 15.Nc5 Nxc5 
16.Rxc5 Be4 17.Bd3 Nxd4 18.Be2 Nxe2+ 19.Qxe2 Qxc5 
20.a3 Rhe8 21.Re1 Bxf3 22.Qd2 Rxe1+ 23.Qxe1 
Be4 0-1

[Event "HCL-B219"]
[Site "www.playchess.de"]
[Date "2001.03.31"]
[Round "7"]
[White "MP"]
[Black "CHARON"]
[WhiteElo "1155"]
[BlackElo "1527"]
[PlyCount "42"]
[Result "0-1"]

1.d4 d5 2.Nf3 Bg4 3.e3 Nf6 4.Nc3 c6 5.Be2 e6 6.O-O 
Nbd7 7.Re1 Bd6 8.h3 Bh5 9.Bd2 Qc7 10.Ng5 Bg6 
11.Bd3 h6 12.Bxg6 fxg6 13.Nxe6 Qb6 14.Rb1 Kf7 
15.b3 Kxe6 16.Ne2 Kf7 17.Ng3 Qc7 18.e4 Bxg3 
19.fxg3 Nxe4 20.Qf3+ Ndf6 21.g4 
Nxd2 0-1

[Event "HCL-C223"]
[Site "www.playchess.de"]
[Date "2001.03.31"]
[Round "1"]
[White "lienk"]
[Black "waspranger"]
[WhiteElo "1070"]
[BlackElo "1000"]
[PlyCount "48"]
[Result "0-1"]

1.e4 e6 2.Nf3 Bb4 3.Bc4 Bd6 4.Nc3 {Hi, I'm Man U. 
fan. What about u?}  Nf6 {NO! Im a big Arsenal 
fan--disaster last week Man u 6 Arsenal 1!!!}  
5.d3 {Watching from far away, I get the feeling 
that some of the games are fixed. What do you 
think?}  Bb4 {At times it does look that way--when 
a draw will suit both teams you do get a lot of 
0-0's!}  6.Bd2 d5 7.Bb5+ c6 8.Ba4 b5 9.Bb3 
{congrats, Liverpool beat Porto. I just can't 
stand the portugese and spanish teams.}  dxe4 
10.dxe4 Nbd7 11.Be3 Ng4 12.O-O Nxe3 13.fxe3 Qb6 
14.Ng5 Qxe3+ 15.Kh1 Qxg5 16.Qf3 a6 17.Qxf7+ Kd8 
{Arsenal didnt play too well against Bayern 
though!Have to play better against Valencia.}  
18.Bxe6 Rf8 19.Rf5 Qh6 20.Qh5 Qxe6 21.Qxh7 Qh6 
22.Rxf8+ Nxf8 23.Qg8 Be6 24.Rd1+ 
Ke7 0-1

[Event "HCL-C230"]
[Site "www.playchess.de"]
[Date "2001.03.31"]
[Round "20"]
[White "craigsadler"]
[Black "hercos"]
[WhiteElo "731"]
[BlackElo "1000"]
[PlyCount "52"]
[Result "0-1"]

1.c4 c5 2.g3 Nc6 3.Bg2 Nf6 4.Nc3 g6 5.e3 Bg7 
6.Nge2 O-O 7.O-O d6 8.Rb1 Bd7 9.a3 a5 10.d4 cxd4 
11.Nxd4 Qc8 12.b4 axb4 13.axb4 Bh3 14.b5 Bxg2 
15.Kxg2 Nxd4 16.Qxd4 Ng4 17.Qd2 Qxc4 18.Bb2 Bxc3 
19.Qxc3 Qxc3 20.Bxc3 Ra2 21.h3 Nxe3+ 22.Kg1 Nxf1 
23.Kxf1 Rc8 24.Bd4 Rcc2 25.b6 e5 26.Be3 
d5 0-1

[Event "HCL-B237"]
[Site "www.playchess.de"]
[Date "2001.03.31"]
[Round "19"]
[White "DrJon"]
[Black "jefersonmello"]
[WhiteElo "1372"]
[BlackElo "1247"]
[PlyCount "101"]
[Result "1-0"]

1.d4 {hello from Cheyenne, Wyoming USA been 
traveling in Idaho}  d5 {hi from Rio de Janeiro}  
2.Nf3 c5 3.c3 e6 4.Bf4 Nf6 5.h3 Nc6 6.e3 h6 7.Bb5 
Bd7 8.Bd3 {good opening}  Rc8 9.O-O Be7 10.Nbd2 
O-O 11.Qe2 c4 12.Bb1 b5 13.Bc2 a5 14.Ne5 Nxe5 
15.Bxe5 Bc6 16.Rfc1 a4 17.Rcb1 {great game}  Bd6 
{Normally, opening with queen paw we have a closed 
game}  18.Bxd6 Qxd6 19.Nf3 Rc7 20.Ne5 {great play} 
 Be8 21.Rbd1 Nd7 22.Nxd7 Rxd7 23.Qf3 Qe7 24.e4 f6 
25.exd5 exd5 26.Rde1 Qf7 27.Bf5 Re7 28.Rxe7 Qxe7 
29.Qxd5+ Kh8 30.Bg4 Qf7 31.Qd6 f5 32.Bf3 Qf6 
33.Qxf6 Rxf6 34.Re1 Bc6 35.Bxc6 Rxc6 36.Re8+ Kh7 
37.Rb8 a3 38.Rxb5 Ra6 39.b3 cxb3 40.Rxb3 Kg6 
41.Kf1 {royalty on the move}  Kf6 42.Ke2 Ke6 43.c4 
g5 44.Kd3 Kd6 45.Rb7 Ra4 46.c5+ Kd5 47.Rd7+ Kc6 
48.Rd6+ Kb5 49.Rb6+ Ka5 50.Rb8 {I believe this 
assures a new white Queen}  Rb4 
51.Rxb4 1-0

[Event "HCL-B240"]
[Site "www.playchess.de"]
[Date "2001.03.31"]
[Round "15"]
[White "Michael_Schenk"]
[Black "rafita"]
[WhiteElo "1228"]
[BlackElo "1418"]
[PlyCount "89"]
[Result "1-0"]

1.e4 {Hello again ;-)}  Nf6 {hi, good to see you 
again!}  2.e5 Nd5 3.d4 d6 4.Nf3 Bg4 5.Be2 e6 6.O-O 
Be7 7.c4 Nb6 8.Nc3 O-O 9.Be3 Nc6 10.exd6 cxd6 
11.c5 dxc5 12.dxc5 Nd5 13.Nxd5 Qxd5 14.Qxd5 exd5 
15.h3 Bh5 16.Rfd1 Rfd8 17.a3 Bf6 18.Rd2 Bg6 
19.Rad1 Ne7 20.Bd4 Rd7 21.Bxf6 gxf6 22.Nd4 a6 
23.h4 h5 24.b4 Nc6 25.Nxc6 bxc6 26.R2d4 Rb7 27.Kf1 
a5 28.b5 cxb5 29.R4xd5 b4 30.Bf3 Rc7 31.R5d8+ Rxd8 
32.Rxd8+ Kg7 33.axb4 axb4 34.c6 Bf5 35.Rb8 Bc8 
36.Rxb4 Kg6 37.Rb7 Bxb7 38.cxb7 Rc1+ 39.Ke2 Rc2+ 
40.Ke3 Rb2 41.Kd4 Kf5 42.Kc5 Rc2+ 43.Kb6 Rb2+ 
44.Kc7 Rc2+ 45.Bc6 1-0

[Event "HCL-B243"]
[Site "www.playchess.de"]
[Date "2001.03.31"]
[Round "6"]
[White "assmonkey"]
[Black "scylla"]
[WhiteElo "932"]
[BlackElo "1500"]
[PlyCount "58"]
[Result "0-1"]

1.e4 {Good luck.}  c5 2.Nf3 d6 3.d4 cxd4 4.Nxd4 
Nf6 5.Nc3 g6 6.Be2 Bg7 7.O-O Nbd7 8.Be3 O-O 9.Re1 
Nc5 10.h3 Ncxe4 11.Nxe4 Nxe4 12.Bd3 Nc5 13.Qd2 
Nxd3 14.Qxd3 a6 15.Rad1 Bd7 16.Qd2 Re8 17.Bh6 Bh8 
18.Re3 Rc8 19.c3 b5 20.Nf3 Bc6 21.Rde1 Qc7 22.Qe2 
e5 23.Ng5 f5 24.f4 e4 {i see 24...ef leads to 
mate, very good. Where are you? I'm in 
Bennington,VT.}  25.b4 Bd5 26.Rd1 Bc4 27.Qd2 Bd3 
28.g4 Bxc3 29.Qc1 Bd4 0-1

[Event "HCL-B242"]
[Site "www.playchess.de"]
[Date "2001.03.31"]
[Round "6"]
[White "Whatever"]
[Black "Joachim"]
[WhiteElo "1505"]
[BlackElo "1370"]
[PlyCount "40"]
[Result "1/2-1/2"]

1.e4 {Have a good game.}  e5 {I think it get an 
interesting game! - Greetings Joachim}  2.Nf3 Nc6 
{ok, thank you}  3.Bc4 Bc5 4.b4 Bxb4 5.c3 Be7 6.d4 
Na5 7.Nxe5 Nxc4 8.Nxc4 d5 9.exd5 Qxd5 10.Ne3 Qd8 
11.O-O Nf6 12.c4 c6 13.Bb2 Be6 14.Nc3 Bd6 15.Re1 
O-O 16.Qc2 Qc7 17.h3 Rfe8 18.Rac1 Rac8 19.Qa4 Qd7 
20.Kf1 b6 1/2-1/2

[Event "HCL-C241"]
[Site "www.playchess.de"]
[Date "2001.03.31"]
[Round "14"]
[White "Garant"]
[Black "foxzy"]
[WhiteElo "1000"]
[BlackElo "1077"]
[PlyCount "23"]
[Result "1-0"]

1.e4 c5 2.Nf3 Nc6 3.d4 cxd4 4.Nxd4 Nf6 5.Nc3 d6 
6.Bg5 e5 7.Bxf6 Qxf6 8.Nd5 Qd8 9.Nb5 Qa5+ 10.c3 
Kd8 11.b4 Qa6 12.Ndc7 1-0

[Event "HCL-C241"]
[Site "www.playchess.de"]
[Date "2001.03.31"]
[Round "35"]
[White "Coney"]
[Black "McLeod"]
[WhiteElo "1109"]
[BlackElo "1507"]
[PlyCount "62"]
[Result "0-1"]

1.e4 c5 2.Nf3 Nc6 3.d4 cxd4 4.Nxd4 e5 5.Nxc6 bxc6 
6.Bc4 Nf6 7.Qf3 d5 8.exd5 cxd5 9.Bb5+ Bd7 10.Bxd7+ 
Qxd7 11.O-O Bd6 12.Bg5 Qg4 13.Qxg4 Nxg4 14.h3 h6 
15.Bd2 Nf6 16.f4 Bc5+ 17.Kh1 e4 18.Nc3 O-O 19.Nb5 
Rab8 20.a4 e3 21.Bc3 Ne4 22.Be1 d4 23.b4 a6 
24.bxc5 axb5 25.axb5 Rxb5 26.Ra4 e2 27.Rg1 Rd8 
28.Rb4 Rxc5 29.c4 d3 30.g4 d2 31.Bxd2 
Rxd2 0-1

[Event "ACL-A127"]
[Site "www.playchess.de"]
[Date "2001.03.31"]
[Round "6"]
[White "Zynaps"]
[Black "Holger"]
[WhiteElo "1500"]
[BlackElo "1500"]
[PlyCount "33"]
[Result "1-0"]

1.e4 e5 2.Nf3 Nc6 3.d4 exd4 4.Nxd4 Nxd4 5.Qxd4 b6 
6.Nc3 Qh4 7.Nb5 Kd8 8.Qe5 d6 9.Qd5 Rb8 10.Bg5+ 
Qxg5 11.Qxg5+ f6 12.Qg3 g6 13.Nxa7 Bb7 14.Bb5 Ne7 
15.Rd1 Ra8 16.Rxd6+ cxd6 17.Qxd6+ 1-0

[Event "HCL-B226"]
[Site "www.playchess.de"]
[Date "2001.03.31"]
[Round "7"]
[White "pj287"]
[Black "Translightor"]
[WhiteElo "1200"]
[BlackElo "1488"]
[PlyCount "119"]
[Result "1-0"]

1.c4 Nf6 {Welcome & good luck!}  2.Nc3 {Thanks and 
same to you.}  e6 3.d4 d5 4.cxd5 exd5 5.Bg5 Be7 
6.e3 c6 7.Bxf6 Bxf6 8.Nf3 O-O 9.Bd3 Bg4 10.O-O g6 
11.h3 Be6 12.Qb3 b6 13.Qc2 Nd7 14.Ne2 Rc8 15.Nf4 
Qe7 16.Nxe6 Qxe6 17.Rac1 Qd6 18.e4 dxe4 19.Bxe4 c5 
20.d5 Rcd8 21.Rfd1 Rfe8 22.b3 Qf4 23.Rde1 Ne5 
24.Nxe5 Bxe5 25.g3 Qf6 26.Bg2 Bd6 27.Re2 Re7 
28.Rce1 Rde8 29.R2xe7 Rxe7 30.Rxe7 Qxe7 31.Qe4 
Qxe4 32.Bxe4 f5 33.Bd3 Kg7 34.Kg2 Kf6 35.Kf3 Ke5 
36.Bc4 Kd4 37.g4 Ke5 38.g5 Kd4 39.h4 Kc3 40.Ke3 a5 
41.Bb5 Bf8 42.Be8 c4 43.bxc4 Kxc4 44.Bf7 Kc5 
45.Kd3 Bg7 46.f4 Bf8 47.Bg8 h6 48.Bf7 hxg5 49.hxg5 
Bd6 50.Ke3 b5 51.Bxg6 Kxd5 52.Bxf5 b4 53.Bd7 Bf8 
54.Kf3 Kd6 55.Ba4 Ke6 56.Kg4 Kf7 57.Bb3+ Kg7 58.f5 
Be7 59.f6+ Bxf6 60.gxf6+ 1-0

[Event "HCL-B226"]
[Site "www.playchess.de"]
[Date "2001.03.31"]
[Round "15"]
[White "pj287"]
[Black "gingy"]
[WhiteElo "1200"]
[BlackElo "1200"]
[PlyCount "51"]
[Result "1-0"]

1.c4 e6 {hi from liverpool uk}  2.d4 {Hello from 
Port Jervis, NY and good luck.}  Nf6 3.Nc3 Bb4 
4.e3 O-O 5.Bd3 d5 6.Nf3 c6 7.O-O Nbd7 8.a3 Bxc3 
9.bxc3 Ne4 10.Qc2 Ndf6 11.Nd2 Qa5 12.Bb2 b6 
13.Nxe4 Nxe4 14.Bxe4 dxe4 15.Qxe4 Bb7 16.Rfb1 Rfd8 
17.Qd3 c5 18.a4 f5 19.f3 Rd6 20.e4 fxe4 21.fxe4 
cxd4 22.cxd4 Rad8 23.d5 Ba6 24.Ba3 R6d7 25.Bb4 
R7xd5 26.exd5 1-0

[Event "HCL-C253"]
[Site "www.playchess.de"]
[Date "2001.03.31"]
[Round "5"]
[White "King_Slayer"]
[Black "morphy"]
[WhiteElo "1229"]
[BlackElo "1199"]
[PlyCount "57"]
[Result "1-0"]

1.d4 Nf6 2.c4 c5 3.d5 e6 4.Nc3 exd5 5.cxd5 d6 6.e4 
Nbd7 7.f4 a6 8.Nf3 Be7 9.Bd3 Qa5 10.O-O b5 11.Bd2 
c4 12.Bc2 Qb6+ 13.Kh1 Ng4 14.Qe2 O-O 15.b3 Nc5 
16.bxc4 b4 17.Na4 Nxa4 18.Bxa4 a5 19.h3 Nf6 20.e5 
Nh5 21.Kh2 dxe5 22.fxe5 Qg6 23.Be1 f5 24.d6 Bg5 
25.Nxg5 Qxg5 26.d7 Nf4 27.Bd2 Nxe2 28.Bxg5 Ba6 
29.Rad1 1-0

[Event "HCL-B258"]
[Site "www.playchess.de"]
[Date "2001.03.31"]
[Round "1"]
[White "whatsleft2"]
[Black "Nenea_Ender"]
[WhiteElo "1895"]
[BlackElo "1500"]
[PlyCount "31"]
[Result "1-0"]

1.e4 {goodluck}  e5 {Succes!}  2.Nf3 Nc6 3.d4 
{where are you from i am in south texas usa}  exd4 
{Sudul Romaniei, Teleorman}  4.Nxd4 Qh4 5.Nb5 Bc5 
6.Qf3 Ne5 7.Qf4 Qxf4 8.Bxf4 Bd6 9.Nxd6+ cxd6 
10.Nc3 Nf6 11.f3 b6 12.O-O-O O-O 13.Rxd6 Ng6 
14.Bg3 Re8 15.Nb5 Rb8 16.Rxf6 1-0

[Event "HCL-C255"]
[Site "www.playchess.de"]
[Date "2001.03.31"]
[Round "22"]
[White "IQ"]
[Black "TRUBLU"]
[WhiteElo "826"]
[BlackElo "1000"]
[PlyCount "105"]
[Result "1-0"]

1.e4 e5 2.Nf3 Nc6 3.Bb5 a6 4.Bxc6 dxc6 5.d4 Qe7 
6.dxe5 f6 7.exf6 Nxf6 8.e5 h6 9.O-O Nd5 10.Re1 Bg4 
11.Re4 h5 12.h3 O-O-O 13.hxg4 Nf6 14.Rd4 Rxd4 
15.Qxd4 Nxg4 16.Bg5 Qe8 17.Nc3 b6 18.Re1 Bc5 
19.Qe4 Nxf2 20.Qf5+ Kb7 21.Kf1 Rf8 22.Qh7 Ng4 
23.Re4 Nh2+ 24.Ke2 Qf7 25.Nxh2 Qf2+ 26.Kd1 Qg1+ 
27.Re1 Qxh2 28.Qxg7 Rf2 29.Ne4 Rxg2 30.Nxc5+ bxc5 
31.e6 Rxc2 32.Qe5 Rxb2 33.Qxh2 Rxh2 34.e7 Rxa2 
35.e8Q {%}  a5 36.Re2 Ra1+ 37.Bc1 Ra4 38.Rb2+ Rb4 
39.Rxb4+ cxb4 40.Qxh5 Kb6 41.Be3+ Ka6 42.Qc5 Kb7 
{Good game,Congratulations!}  43.Qxa5 b3 44.Qb4+ 
{thx}  Kc8 45.Qxb3 Kd7 46.Kd2 Kc8 47.Bf4 Kd7 
48.Qc4 Kc8 49.Qxc6 Kd8 {Killed my draw shot!}  
50.Qxc7+ Ke8 51.Qg7 Kd8 52.Qf7 Kc8 
53.Qc7+ 1-0

[Event "HCL-B259"]
[Site "www.playchess.de"]
[Date "2001.03.31"]
[Round "24"]
[White "lonewolf"]
[Black "PAO_4EVER"]
[WhiteElo "1613"]
[BlackElo "1200"]
[PlyCount "43"]
[Result "1-0"]

1.d4 d5 2.c4 dxc4 3.e4 e6 4.Bxc4 Be7 5.Nf3 Nf6 
6.Nc3 c6 7.O-O O-O 8.Bf4 Nbd7 9.Qc2 b6 10.Bd3 g6 
11.Bh6 Re8 12.e5 Nd5 13.Nxd5 cxd5 14.Rac1 f6 
15.Bxg6 {Game is too interesting at this 
point,thanks anyway.}  f5 16.Bxe8 Qxe8 17.Qc6 Rb8 
18.Qxe6+ Kh8 19.Bg5 Ba6 20.Bxe7 Bxf1 21.Rc7 Nf8 
22.Bf6+ 1-0

[Event "HCL-B259"]
[Site "www.playchess.de"]
[Date "2001.03.31"]
[Round "29"]
[White "Bill"]
[Black "thales"]
[WhiteElo "1327"]
[BlackElo "1500"]
[PlyCount "41"]
[Result "1-0"]

1.e4 g6 2.d4 Bg7 3.Nc3 d6 4.Be3 Nc6 5.Nf3 e5 6.Bb5 
Bd7 7.O-O a6 8.Bxc6 Bxc6 9.dxe5 dxe5 10.Qe2 Qe7 
11.Qc4 O-O-O 12.Rad1 f5 13.Rxd8+ Qxd8 14.Nxe5 Bxe5 
15.Qe6+ Kb8 16.Qxe5 Ne7 17.Bg5 Re8 18.Rd1 Bd7 
19.Qd4 Kc8 20.Qa7 Nc6 21.Qa8+ 1-0

[Event "HCL-C260"]
[Site "www.playchess.de"]
[Date "2001.03.31"]
[Round "1"]
[White "Gemini"]
[Black "Unlive666"]
[WhiteElo "1000"]
[BlackElo "1000"]
[PlyCount "27"]
[Result "1-0"]

1.e3 Nc6 2.d4 d5 3.Nc3 Nf6 4.Nf3 Bg4 5.Be2 e6 
6.Ne5 Bh5 7.Bxh5 g6 8.Nxc6 bxc6 9.Bf3 Bb4 10.O-O 
O-O 11.a3 Ba5 12.b4 Bb6 13.a4 c5 
14.dxc5 1-0

[Event "ACL-A138"]
[Site "www.playchess.de"]
[Date "2001.03.31"]
[Round "11"]
[White "andersonmello"]
[Black "Bastian1"]
[WhiteElo "1500"]
[BlackElo "1500"]
[PlyCount "31"]
[Result "1-0"]

1.e4 e5 2.Nf3 Nc6 3.Bb5 Nf6 4.O-O Nxe4 5.Bxc6 dxc6 
6.Re1 f5 7.d3 Nd6 8.Nxe5 Be7 9.Qh5+ Kf8 10.Ng6+ 
hxg6 11.Qxh8+ Kf7 12.Qxd8 Bxd8 13.Nd2 Bg5 14.Nf3 
Bxc1 15.Raxc1 Be6 16.Ng5+ 1-0

[Event "ACL-A138"]
[Site "www.playchess.de"]
[Date "2001.03.31"]
[Round "21"]
[White "Bastian1"]
[Black "Zynaps"]
[WhiteElo "1500"]
[BlackElo "1718"]
[PlyCount "44"]
[Result "0-1"]

1.e4 c6 2.Nf3 d5 3.exd5 cxd5 4.d4 Nc6 5.Nc3 Bf5 
6.Bb5 a6 7.Bxc6+ bxc6 8.O-O e6 9.Re1 Bd6 10.Ne5 
Qc7 11.Bf4 f6 12.g4 Be4 13.Nxe4 dxe4 14.Rxe4 fxe5 
15.Bxe5 Nf6 16.Bxf6 gxf6 17.Rxe6+ Kf7 18.Re4 h5 
19.gxh5 Qa5 20.Rh4 Rag8+ 21.Kf1 Qg5 22.Ke2 
Qxh4 0-1

[Event "HCL-B265"]
[Site "www.playchess.de"]
[Date "2001.03.31"]
[Round "1"]
[White "Fringe"]
[Black "Mr_chess_13"]
[WhiteElo "1600"]
[BlackElo "1500"]
[PlyCount "33"]
[Result "1-0"]

1.e4 {Have a nice game and a good tournament}  e5 
2.Nc3 Nf6 {hello}  3.f4 {greetings from italy.}  
exf4 {hello}  4.Nf3 Nc6 5.d4 Bb4 6.Bd3 O-O 
{Greetings from Sweden}  7.O-O Bxc3 8.bxc3 d6 
9.Bxf4 Re8 10.Qe1 b6 {hi}  11.e5 g6 12.Bg5 h5 
13.Bxf6 Qd7 14.Qg3 Qe6 15.Qg5 Kh7 16.Qxh5+ Kg8 
17.Qh8+ 1-0

[Event "HCL-B265"]
[Site "www.playchess.de"]
[Date "2001.03.31"]
[Round "7"]
[White "Emma2001"]
[Black "Fringe"]
[WhiteElo "1500"]
[BlackElo "1600"]
[PlyCount "42"]
[Result "0-1"]

1.e4 e5 {Have a nice game and a good tournament}  
2.Bc4 Nf6 3.Qf3 Bc5 4.g4 Nc6 5.c3 O-O 6.g5 Ng4 
7.Bd5 Nxf2 8.d4 Nxd4 9.Qxf2 Nb3 10.Be3 Bxe3 
11.Qxe3 Nxa1 12.Qc1 c6 13.Bc4 d5 14.exd5 cxd5 
15.Be2 Bf5 16.Bd1 d4 17.c4 Qa5+ {check !!}  18.Nc3 
dxc3 19.Qxc3 {you are good!let´s make offer draw?} 
 Qxc3+ {No draw. Be serious you have to resign and 
play another tournament}  20.bxc3 {no.i win the 
game.you must have to resign}  Rac8 {We see. Look 
at the pawn in c4...}  21.Bb3 Nxb3 {And now ... 
Please stop playng I hate blood on chessboard :))} 
 0-1

[Event "HCL-B266"]
[Site "www.playchess.de"]
[Date "2001.03.31"]
[Round "10"]
[White "player27"]
[Black "SAROS"]
[WhiteElo "1443"]
[BlackElo "1276"]
[PlyCount "28"]
[Result "1/2-1/2"]

1.Nf3 {*handshake* Good luck}  b6 {Good luck , 
thanks}  2.d4 Bb7 3.c4 e6 4.e3 Qf6 5.Nc3 Bxf3 
6.gxf3 Bb4 7.Rg1 Bxc3+ 8.bxc3 Ne7 9.f4 Ng6 10.Bd3 
Nc6 11.Qh5 O-O-O 12.Qg5 Nce7 13.e4 h6 14.Qxf6 
gxf6 1/2-1/2

[Event "HCL-C266"]
[Site "www.playchess.de"]
[Date "2001.03.31"]
[Round "2"]
[White "GT07"]
[Black "xerxes2u"]
[WhiteElo "1000"]
[BlackElo "1496"]
[PlyCount "42"]
[Result "0-1"]

1.e3 Nf6 2.Qf3 g6 3.g4 d5 4.h3 Bg7 5.Ne2 e5 6.d3 
{hello}  O-O 7.Nbc3 Re8 8.d4 exd4 9.Nxd4 c5 
10.Ndb5 d4 11.Ne4 Nxe4 12.Bc4 Ng5 13.Qf4 Ne6 
14.Nd6 Nxf4 15.Bxf7+ Kf8 16.Bd2 Qxd6 17.Bb3 b5 
18.O-O-O dxe3 19.Bxe3 Qe5 20.Rhe1 Qxb2+ 21.Kd2 
Bc3+ 0-1

[Event "HCL-B262"]
[Site "www.playchess.de"]
[Date "2001.03.31"]
[Round "35"]
[White "runciter"]
[Black "whatsleft2"]
[WhiteElo "1487"]
[BlackElo "1874"]
[PlyCount "32"]
[Result "0-1"]

1.c4 e6 {goodluck}  2.d4 {also all the best!Where 
do you come from?}  d5 {south texas usa on the 
gulf of mexico and you}  3.cxd5 {South germany ... 
Stuttgart ... wow ... I hear ZZ Top and Atlanta 
rhythm section, u know?}  exd5 4.a3 c6 {yes know 
zz i am more into old blues}  5.Nf3 {J.L.Hooker? 
Muddy Waters? B.B.King?}  Nf6 {yes and older 
lightning hopkins mississippi john hurt}  6.Bg5 {I 
am playing e-bass in a band, but not blues, songs 
from alanis morissette and so on}  Be7 {sounds 
cool  i was born in germany my mother is german}  
7.e3 {Do you speak german?}  O-O {no i left 
germany when i was 2 yrs old}  8.Be2 {In what town 
you was in Germany?}  Ne4 {mainz?}  9.Bxe7 {ok, 
was your father at the army?}  Qxe7 {father was in 
army airforce}  10.Nbd2 Bf5 {yes father was in us 
army mothers borthers and uncles in german ss}  
11.O-O Nd7 {yes father was at army}  12.Qb3 Ndf6 
13.Rfd1 Nxf2 14.Kxf2 Ng4+ 15.Kg1 Bc2 16.Qxc2 {very 
good move! One more move and I will give up! all 
the best for future!}  Qxe3+ {goodgame thanks} 
 0-1

[Event "HCL-C270"]
[Site "www.playchess.de"]
[Date "2001.03.31"]
[Round "7"]
[White "MEATHEAD"]
[Black "hercos"]
[WhiteElo "955"]
[BlackElo "1001"]
[PlyCount "74"]
[Result "0-1"]

1.e4 c5 2.Bc4 d6 {hi, what do you do ?}  3.Qf3 
{what do i do? i kick peoples ass on chess games 
all day....your next.}  e6 {make friens not 
enemies}  4.Nc3 Be7 {Hi, I have never lost at 
PLAYCHESS.DE. Play as rough as you can and try to 
be the first one. Regards}  5.Bb5+ {oh, too bad u 
only beat one person, i guess that makes you a 
chump, oh i mean champ.}  Nd7 {I have already 
played more than 200 CC games at others sites.}  
6.d3 {i am not concerned with your amateur 
victorys}  Ngf6 {do not be a boring people. Make 
friends not enemies !!!}  7.Nge2 O-O 8.O-O a6 
9.Bxd7 Bxd7 10.e5 dxe5 11.Qxb7 Bc8 12.Qxa8 Nd5 
13.Nxd5 exd5 14.Ng3 Qd6 15.Nf5 Bxf5 16.Qa7 Qc6 
17.Qxe7 f6 18.b4 cxb4 19.Qxb4 Qxc2 20.Ba3 Ra8 
21.Rfc1 Qxd3 22.Qb7 Rd8 23.Rc8 Rxc8 24.Qxc8+ Kf7 
25.Qc7+ Kg8 26.Bd6 Bh3 27.Qe7 h6 28.gxh3 Qg6+ 
29.Kh1 Qe4+ 30.Kg1 Qg6+ 31.Kh1 Qe4+ 32.f3 Qxf3+ 
33.Kg1 Qe3+ 34.Kg2 Qe2+ 35.Kg3 Qe3+ 36.Kg4 Qf4+ 
37.Kh5 Qg5+ {You lost 2 times :-)))} 
 0-1

[Event "HCL-A122"]
[Site "www.playchess.de"]
[Date "2001.03.31"]
[Round "7"]
[White "Gutovsky"]
[Black "THEGREENMILE"]
[WhiteElo "1700"]
[BlackElo "1700"]
[PlyCount "21"]
[Result "1-0"]

1.e4 d5 2.exd5 Qxd5 3.Nc3 Qa5 4.d4 Nf6 5.Nf3 c6 
6.Bc4 Bf5 7.Bd2 Qc7 8.Ne5 e6 9.g4 Bg6 10.Bf4 Nbd7 
11.Nxg6 1-0

[Event "HCL-A035"]
[Site "www.playchess.de"]
[Date "2001.03.31"]
[Round "1"]
[White "bondegnasker"]
[Black "princesa"]
[WhiteElo "1609"]
[BlackElo "1700"]
[PlyCount "23"]
[Result "1-0"]

1.d4 d5 2.c4 Nf6 3.cxd5 Nxd5 4.e4 Nb6 5.Nc3 e6 
6.Be3 Be7 7.Nf3 O-O 8.Be2 Nc6 9.O-O a6 10.Qc2 Bb4 
11.Rfd1 Bxc3 12.bxc3 1-0

[Event "HCL-A035"]
[Site "www.playchess.de"]
[Date "2001.03.31"]
[Round "2"]
[White "BENEVOLENTONE"]
[Black "bondegnasker"]
[WhiteElo "1600"]
[BlackElo "1609"]
[PlyCount "60"]
[Result "0-1"]

1.Nf3 e6 2.c4 Nf6 3.d4 Bb4+ 4.Bd2 Qe7 5.c5 Bxd2+ 
6.Nbxd2 b6 7.b4 O-O 8.Qb3 bxc5 9.bxc5 Nc6 10.Nc4 
Rb8 11.Qd1 Ba6 12.e3 Rb4 13.a3 Rb7 14.Bd3 Rfb8 
15.O-O d6 16.Qa4 Bb5 17.Qc2 dxc5 18.Be4 Nxe4 
19.Qxe4 Bxc4 20.Rfc1 Bd5 21.Qc2 c4 22.e4 R7b2 
23.Qa4 Bxe4 24.Qxc4 Bxf3 25.gxf3 Qg5+ 26.Kf1 Qd2 
27.Kg2 Qxf2+ 28.Kh3 Qxf3+ 29.Kh4 Rxh2+ 30.Kg5 
h6+ 0-1